Normal view
MARC view
- Waleed Bin Shahid
Entry Personal Name
001 - CONTROL NUMBER
- control field: 92981
003 - CONTROL NUMBER IDENTIFIER
- control field: NUST
005 - DATE AND TIME OF LATEST TRANSACTION
- control field: 20220705153352.0
008 - FIXED-LENGTH DATA ELEMENTS
- fixed length control field: 220705|| aca||aabn | a|a d
040 ## - CATALOGING SOURCE
- Original cataloging agency: NUST
- Transcribing agency: NUST
100 ## - HEADING--PERSONAL NAME
- Personal name: Waleed Bin Shahid
670 ## - SOURCE DATA FOUND
- Source citation: Work cat.: (NUST)10038: Waleed Bin Shahid, Design and development of an automatic frequency planning tool for cellular networks, 2009.
